| 000 | 00759nam a22002297a 4500 | ||
|---|---|---|---|
| 001 | 10375 | ||
| 003 | BD-JhCC | ||
| 005 | 20250923075825.0 | ||
| 008 | 180425b xxu||||| |||| 00| 0 eng d | ||
| 020 | _a9789848934937 | ||
| 035 | _a(BD-JhCC)10375 | ||
| 040 |
_aBD-JhCC _dBD-JhCC |
||
| 041 | _abangali | ||
| 082 |
_a891.443 _bBON 2019 |
||
| 100 | _aবন্দোপাধ্যায়, বিভুতিভূষন | ||
| 245 |
_aকিশোর উপন্যাসসমগ্র / _cবিভুতিভূষন বন্দোপাধ্যায় |
||
| 260 |
_aঢাকা : _bআলেয়া বুক ডিপো, _c2016. |
||
| 300 |
_a508 p. : _c22 cm. |
||
| 650 | _aCollection Of Novel | ||
| 942 |
_2ddc _cBK _019 |
||
| 999 |
_c10375 _d10375 |
||